[Event "Magdeburg op 20th"]
[Site "Magdeburg"]
[Date "2012.11.04"]
[Round "5"]
[White "Thinius, Marco"]
[Black "Ruehrmund, Daniel"]
[Result "1/2-1/2"]
[WhiteElo "2361"]
[BlackElo "2069"]
[PlyCount "57"]
[EventDate "2012.10.27"]
[EventType "swiss"]
[EventRounds "7"]
[EventCountry "GER"]
[SourceTitle "EXT 2015"]
[Source "ChessBase"]
[SourceDate "2014.11.20"]
[SourceVersion "1"]
[SourceVersionDate "2014.11.20"]
[SourceQuality "1"]

1. c4 c5 2. g3 Nc6 3. Bg2 g6 4. Nc3 Bg7 5. Nf3 d6 6. 0-0 Nf6 7. a3 0-0 8. Rb1 a5 9. d3 Ne8 10. Bd2 Nc7 11. Ne1 Bd7 12. Nc2 Rb8 13. b4 axb4 14. axb4 Nxb4 15. Nxb4 cxb4 16. Rxb4 b5 17. Nxb5 Nxb5 18. cxb5 Rxb5 19. Rxb5 Bxb5 20. Qb3 Bd7 21. Rb1 Qc8 22. Bg5 Be6 23. Qb7 f6 24. Bf4 g5 25. Be3 Qxb7 26. Rxb7 Kf7 27. Be4 h6 28. Rc7 Rc8 29. Rxc8 1/2-1/2

[Event "Berlin Lichtenberger op 11th"]
[Site "Berlin"]
[Date "2012.08.22"]
[Round "5"]
[White "Vogel, Robert"]
[Black "Ruehrmund, Daniel"]
[Result "0-1"]
[WhiteElo "2258"]
[BlackElo "2024"]
[PlyCount "58"]
[EventDate "2012.08.18"]
[EventType "swiss"]
[EventRounds "9"]
[EventCountry "GER"]
[SourceTitle "CBM 150 Extra"]
[Source "ChessBase"]
[SourceDate "2012.10.19"]
[SourceVersion "1"]
[SourceVersionDate "2012.10.19"]
[SourceQuality "1"]

1. d4 Nf6 2. c4 e6 3. Nc3 Bb4 4. e3 b6 5. Bd3 Bb7 6. Nf3 Ne4 7. Qc2 f5 8. 0-0 Bxc3 9. bxc3 0-0 10. Nd2 Nxd2 11. Bxd2 Qh4 12. f3 d6 13. a4 Nc6 14. g3 Qh5 15. e4 Na5 16. d5 fxe4 17. fxe4 e5 18. c5 dxc5 19. c4 Rxf1+ 20. Rxf1 Bc8 21. Rf2 Nb7 22. Bc3 Bh3 23. Be2 Qg5 24. Bd2 Qg6 25. Bc3 Re8 26. Bd3 Nd6 27. a5 Qh5 28. Qa4 Rf8 29. Be2 Qxe2 0-1

[Event "Sachsen-ch U16"]
[Site "Sebnitz"]
[Date "2012.04.14"]
[Round "7"]
[White "Moehn, Hans"]
[Black "Ruehrmund, Daniel"]
[Result "1/2-1/2"]
[WhiteElo "2106"]
[BlackElo "1962"]
[PlyCount "85"]
[EventDate "2012.04.10"]
[EventType "swiss"]
[EventRounds "7"]
[EventCountry "GER"]
[SourceTitle "CBM 148 Extra"]
[Source "ChessBase"]
[SourceDate "2012.06.22"]
[SourceVersion "1"]
[SourceVersionDate "2012.06.22"]
[SourceQuality "1"]

1. e4 c5 2. Nf3 e6 3. d4 cxd4 4. Nxd4 a6 5. Nc3 Qc7 6. Bd3 Nf6 7. 0-0 Bc5 8. Nb3 Be7 9. a4 b6 10. f4 d6 11. e5 Nfd7 12. Qg4 g6 13. Ne4 d5 14. Ng5 Nc5 15. Nd4 Nc6 16. Nxc6 Qxc6 17. Be3 Bb7 18. Nf3 Qd7 19. Nd4 Bc6 20. b3 Ne4 21. Qe2 Bb7 22. Qe1 Rc8 23. Rf3 h5 24. Rh3 Rg8 25. Kh1 Bc5 26. c3 Be7 27. Ne2 Bc5 28. Bd4 Bxd4 29. cxd4 Qe7 30. Re3 Kf8 31. Ng3 Nxg3+ 32. Rxg3 a5 33. Bb5 Kg7 34. Qe3 Kh7 35. Rg1 Rg7 36. Rg5 Qb4 37. Be2 Rc3 38. Qf2 Qxb3 39. Bxh5 Qc2 40. Qh4 Kg8 41. Bf3 Rh7 42. Qg4 Rg7 43. Qh4 1/2-1/2

[Event "Moehnesee Cup-A 37th"]
[Site "Moehnesee"]
[Date "2011.09.03"]
[Round "4"]
[White "Ruehrmund, Daniel"]
[Black "Effertz, Josef"]
[Result "1/2-1/2"]
[WhiteElo "1924"]
[BlackElo "2037"]
[PlyCount "80"]
[EventDate "2011.09.01"]
[EventType "swiss"]
[EventRounds "7"]
[EventCountry "GER"]
[SourceTitle "EXT 2013"]
[Source "ChessBase"]
[SourceDate "2012.11.22"]
[SourceVersion "1"]
[SourceVersionDate "2012.11.22"]
[SourceQuality "1"]

1. e4 c5 2. Nf3 e6 3. d4 cxd4 4. Nxd4 a6 5. Nc3 Qc7 6. Bd3 Bc5 7. Nb3 Be7 8. 0-0 Nf6 9. Kh1 Nc6 10. f4 d6 11. Bd2 b5 12. a3 Bb7 13. Qf3 h5 14. Ne2 d5 15. e5 Ne4 16. Be1 Qb6 17. Ng3 Nxg3+ 18. Qxg3 Kf8 19. Bf2 Qd8 20. f5 h4 21. Qf4 Bg5 22. Bc5+ Kg8 23. Qf2 Bc8 24. Bd6 h3 25. g3 Be7 26. Rae1 Bxd6 27. fxe6 Bxe6 28. exd6 Qxd6 29. Nc5 Rf8 30. Nxe6 fxe6 31. Qxf8+ Qxf8 32. Rxf8+ Kxf8 33. Rxe6 Nd4 34. Re5 Rh6 35. Rxd5 Re6 36. Kg1 Nf3+ 37. Kf2 Nxh2 38. Be2 Rf6+ 39. Kg1 Nf3+ 40. Bxf3 Rxf3 1/2-1/2

[Event "GER-ch Net qual4 U18"]
[Site "Playchess.com INT"]
[Date "2011.05.11"]
[Round "6"]
[White "Perestjuk, Marko"]
[Black "Ruehrmund, Daniel"]
[Result "1-0"]
[WhiteElo "1809"]
[BlackElo "1635"]
[PlyCount "67"]
[EventDate "2011.05.11"]
[EventType "swiss (blitz)"]
[EventRounds "7"]
[EventCountry "GER"]
[SourceTitle "CBM 142 Extra"]
[Source "ChessBase"]
[SourceDate "2011.06.27"]
[SourceVersion "1"]
[SourceVersionDate "2011.06.27"]
[SourceQuality "1"]

1. e4 c5 2. Nf3 e6 3. d4 cxd4 4. Nxd4 a6 5. Bd3 Bc5 6. Nb3 Ba7 7. 0-0 Nc6 8. Qe2 d6 9. Be3 Qh4 10. Nc3 Ne5 11. g3 Qh3 12. Bxa7 Rxa7 13. f4 Ng4 14. e5 d5 15. f5 h5 16. fxe6 Bxe6 17. Rae1 h4 18. Qg2 hxg3 19. hxg3 Ne7 20. Nd4 Ra8 21. Bf5 Nxf5 22. Nxf5 Qxg2+ 23. Kxg2 Bxf5 24. Rxf5 g6 25. Rf4 Nh6 26. Nxd5 Rc8 27. c3 Rd8 28. c4 Nf5 29. g4 Ne7 30. Nf6+ Kf8 31. Ne4 Kg7 32. Nd6 Rhg8 33. Rxf7+ Kh6 34. Rh1+ 1-0

[Event "GER-ch Net qual4 U18"]
[Site "Playchess.com INT"]
[Date "2011.05.11"]
[Round "1"]
[White "Ruehrmund, Daniel"]
[Black "Carow, Annelen"]
[Result "0-1"]
[WhiteElo "1635"]
[BlackElo "1963"]
[PlyCount "120"]
[EventDate "2011.05.11"]
[EventType "swiss (blitz)"]
[EventRounds "7"]
[EventCountry "GER"]
[SourceTitle "CBM 142 Extra"]
[Source "ChessBase"]
[SourceDate "2011.06.27"]
[SourceVersion "1"]
[SourceVersionDate "2011.06.27"]
[SourceQuality "1"]

1. e4 d5 2. exd5 Qxd5 3. Nc3 Qd6 4. d4 Nf6 5. Bc4 a6 6. h3 Nc6 7. Nf3 Bf5 8. 0-0 e6 9. d5 Na5 10. Bd3 Bxd3 11. Qxd3 Nxd5 12. Nxd5 Qxd5 13. Qxd5 exd5 14. Re1+ Be7 15. Bg5 f6 16. Bf4 Rc8 17. Rad1 Kf7 18. Rxd5 Nc6 19. Rd7 Rhd8 20. Rxc7 Rxc7 21. Bxc7 Rd7 22. Bb6 Nb4 23. c3 Nd5 24. Bd4 Nf4 25. Kf1 Nd3 26. Rb1 b5 27. g3 Nc5 28. b4 Na4 29. Rc1 Rc7 30. Ke2 Bxb4 31. Kd2 Ba3 32. Rc2 Nc5 33. Ke3 Ne6 34. Bb6 Bc5+ 35. Bxc5 Rxc5 36. Nd4 Nc7 37. Kd3 Nd5 38. c4 Nb4+ 39. Kc3 Nxc2 40. Kxc2 Rxc4+ 41. Kd3 Ra4 42. Nf5 Rxa2 43. Nd6+ Ke6 44. Ne8 g6 45. Nc7+ Kd7 46. Nd5 Ra1 47. Nxf6+ Kd6 48. Nxh7 b4 49. Kc4 a5 50. Nf6 Rc1+ 51. Kb3 Rc3+ 52. Kb2 Rf3 53. Ne4+ Ke5 54. Nc5 Rxf2+ 55. Kb3 Rf3+ 56. Ka4 Ra3+ 57. Kb5 b3 58. Kc4 b2 59. Nd3+ Rxd3 60. Kxd3 b1Q+ 0-1

[Event "Sachsen-ch U16"]
[Site "Sebnitz"]
[Date "2011.04.29"]
[Round "6"]
[White "Ruehrmund, Daniel"]
[Black "Mueller, Marius"]
[Result "1-0"]
[WhiteElo "1935"]
[BlackElo "1936"]
[PlyCount "61"]
[EventDate "2011.04.26"]
[EventType "swiss"]
[EventRounds "7"]
[EventCountry "GER"]
[SourceTitle "EXT 2012"]
[Source "ChessBase"]
[SourceDate "2011.11.24"]
[SourceVersion "1"]
[SourceVersionDate "2011.11.24"]
[SourceQuality "1"]

1. e4 d5 2. exd5 Nf6 3. Nf3 Nxd5 4. d4 Bg4 5. h3 Bf5 6. Bd3 Bxd3 7. Qxd3 e6 8. 0-0 c6 9. c4 Nb6 10. Nc3 Be7 11. Bf4 0-0 12. b3 Na6 13. Ne4 c5 14. Neg5 Bxg5 15. Nxg5 g6 16. Qg3 Qd7 17. Bd6 Rfc8 18. Ne4 Qd8 19. dxc5 Nd7 20. Rad1 f5 21. Ng5 Qe8 22. Qh4 h5 23. Rfe1 e5 24. Rd5 e4 25. g4 Nb4 26. Rd2 Nxc5 27. gxf5 gxf5 28. Re3 Nbd3 29. b4 Nxb4 30. Rg3 Kh8 31. Be5+ 1-0

[Event "Sachsen-ch U16"]
[Site "Sebnitz"]
[Date "2011.04.27"]
[Round "3"]
[White "Ruehrmund, Daniel"]
[Black "Viereck, Marten"]
[Result "1/2-1/2"]
[WhiteElo "1935"]
[BlackElo "1915"]
[PlyCount "66"]
[EventDate "2011.04.26"]
[EventType "swiss"]
[EventRounds "7"]
[EventCountry "GER"]
[SourceTitle "EXT 2012"]
[Source "ChessBase"]
[SourceDate "2011.11.24"]
[SourceVersion "1"]
[SourceVersionDate "2011.11.24"]
[SourceQuality "1"]

1. e4 e5 2. Nf3 Nf6 3. Nxe5 d6 4. Nf3 Nxe4 5. Nc3 Nxc3 6. dxc3 Bg4 7. Be3 Qd7 8. h3 Bh5 9. Qd5 Bxf3 10. Qxf3 Nc6 11. 0-0-0 0-0-0 12. h4 Kb8 13. g3 Ne5 14. Qe2 Qa4 15. Kb1 Qg4 16. Bd4 Qxe2 17. Bxe2 Nc6 18. Be3 g6 19. Bc4 Ne5 20. Bg5 Re8 21. Bf6 Rg8 22. Rhe1 Bh6 23. Bxe5 Rxe5 24. Rxe5 dxe5 25. Rd7 Rf8 26. Rxf7 Rxf7 27. Bxf7 Bd2 28. Bg8 h6 29. Bf7 Be1 30. f4 Bxg3 31. fxe5 Bxe5 32. Bxg6 h5 33. Bxh5 Bf6 1/2-1/2

[Event "Schneeberger op 11th"]
[Site "Schneeberg"]
[Date "2011.04.07"]
[Round "6"]
[White "Ruehrmund, Daniel"]
[Black "Melamed, Tatiana"]
[Result "0-1"]
[WhiteElo "1924"]
[BlackElo "2353"]
[PlyCount "72"]
[EventDate "2011.04.04"]
[EventType "swiss"]
[EventRounds "7"]
[EventCountry "GER"]
[SourceTitle "EXT 2019"]
[Source "ChessBase"]
[SourceDate "2018.10.10"]
[SourceVersion "1"]
[SourceVersionDate "2018.10.10"]
[SourceQuality "1"]

1. e4 Nf6 2. e5 Nd5 3. d4 d6 4. Nf3 Bg4 5. Be2 e6 6. 0-0 Be7 7. c3 Nc6 8. exd6 cxd6 9. Na3 0-0 10. Nc4 Bh5 11. Ne1 Bg6 12. f4 Rb8 13. Bd3 b5 14. Ne3 Nxe3 15. Bxe3 d5 16. f5 exf5 17. Bxf5 b4 18. cxb4 Rxb4 19. Nd3 Rb6 20. Bxg6 hxg6 21. Qa4 Bf6 22. Rac1 Re8 23. Bf2 Qd6 24. Ne5 Re6 25. Nxc6 Rxc6 26. Qxa7 Rxc1 27. Rxc1 Qf4 28. Qa8+ Kh7 29. Qc8 Bxd4 30. Bxd4 Qxd4+ 31. Kh1 Qxb2 32. Rd1 Qxa2 33. h3 Qe2 34. Qc1 Re5 35. Rf1 f6 36. Kh2 Rg5 0-1

[Event "Moehnesee Cup 36th"]
[Site "Moehnesee"]
[Date "2010.08.27"]
[Round "2"]
[White "Hartig, Frank"]
[Black "Ruehrmund, Daniel"]
[Result "1-0"]
[WhiteElo "2045"]
[BlackElo "1897"]
[PlyCount "114"]
[EventDate "2010.08.26"]
[EventType "swiss"]
[EventRounds "7"]
[EventCountry "GER"]
[SourceTitle "EXT 2011"]
[Source "ChessBase"]
[SourceDate "2010.11.26"]
[SourceVersion "1"]
[SourceVersionDate "2010.11.26"]
[SourceQuality "1"]

1. e4 c5 2. Nc3 Nc6 3. g3 g6 4. Bg2 Bg7 5. d3 d6 6. Be3 e6 7. Qd2 Nd4 8. Nd1 Ne7 9. c3 Ndc6 10. Bh6 0-0 11. h4 Bxh6 12. Qxh6 f6 13. Qd2 Ne5 14. Ne2 c4 15. dxc4 Nxc4 16. Qc2 Qc7 17. b3 Nb6 18. 0-0 e5 19. a4 Be6 20. Ne3 f5 21. a5 Nd7 22. Nd5 Bxd5 23. exd5 Rac8 24. c4 Nf6 25. Qd2 Ng4 26. Bh3 Kg7 27. Rac1 Nf6 28. f3 b6 29. Nc3 a6 30. Qf2 bxa5 31. f4 e4 32. Ne2 Rfe8 33. Nd4 Nexd5 34. cxd5 Qxc1 35. Rxc1 Rxc1+ 36. Bf1 Kf7 37. Ne6 Rec8 38. Qa7+ Ke8 39. Qg7 Nxd5 40. Qf8+ Kd7 41. Qf7+ Kc6 42. Qa7 Nb4 43. Kg2 Kd5 44. Bc4+ R8xc4 45. bxc4+ Kxe6 46. Qxh7 Rc2+ 47. Kh3 Kf6 48. Qh8+ Kf7 49. h5 gxh5 50. Qxh5+ Kg7 51. Qg5+ Kh8 52. Qxf5 Nd3 53. Qf8+ Kh7 54. Kg4 Rg2 55. Qe7+ Kh8 56. Kf5 Nf2 57. Qf6+ Kg8 1-0

[Event "GER-chT U14"]
[Site "Arendsee"]
[Date "2009.12.28"]
[Round "3.1"]
[White "Noe, Christopher"]
[Black "Ruehrmund, Daniel"]
[Result "1-0"]
[WhiteElo "1930"]
[BlackElo "1887"]
[PlyCount "65"]
[EventDate "2009.12.27"]
[EventType "team-swiss"]
[EventRounds "7"]
[EventCountry "GER"]
[SourceTitle "EXT 2022"]
[Source "ChessBase"]
[SourceDate "2021.10.06"]
[SourceVersion "1"]
[SourceVersionDate "2021.10.06"]
[SourceQuality "1"]
[WhiteTeam "Eppingen U14"]
[BlackTeam "Bautzen Einheit U14"]
[WhiteTeamCountry "GER"]
[BlackTeamCountry "GER"]

1. e4 c5 2. c4 Nc6 3. Nc3 g6 4. g3 Bg7 5. Bg2 e6 6. Nge2 Nge7 7. 0-0 0-0 8. d3 a6 9. Be3 Nd4 10. Qd2 Rb8 11. Bh6 Bxh6 12. Qxh6 Nec6 13. Qd2 b5 14. cxb5 axb5 15. Nxd4 Nxd4 16. Ne2 Nxe2+ 17. Qxe2 Ba6 18. Qd2 b4 19. a3 b3 20. Rac1 Qb6 21. Rc3 Rfc8 22. Rfc1 d6 23. h4 Bb7 24. h5 d5 25. exd5 Bxd5 26. hxg6 hxg6 27. Qe3 Bxg2 28. Kxg2 Qc6+ 29. f3 Rb5 30. Qh6 e5 31. Rh1 f5 32. Qh8+ Kf7 33. Qxe5 1-0

[Event "GER-chT U14"]
[Site "Arendsee"]
[Date "2009.12.27"]
[Round "2.1"]
[White "Ruehrmund, Daniel"]
[Black "Osmanodja, Filiz"]
[Result "0-1"]
[WhiteElo "1887"]
[BlackElo "2034"]
[PlyCount "74"]
[EventDate "2009.12.27"]
[EventType "team-swiss"]
[EventRounds "7"]
[EventCountry "GER"]
[SourceTitle "EXT 2022"]
[Source "ChessBase"]
[SourceDate "2021.10.06"]
[SourceVersion "1"]
[SourceVersionDate "2021.10.06"]
[SourceQuality "1"]
[WhiteTeam "Bautzen Einheit U14"]
[BlackTeam "Dresden USV TU U14"]
[WhiteTeamCountry "GER"]
[BlackTeamCountry "GER"]

1. e4 c5 2. Nf3 d6 3. d4 cxd4 4. Nxd4 Nf6 5. Nc3 a6 6. Be3 e5 7. Nb3 Be6 8. f3 Be7 9. Qd2 0-0 10. 0-0-0 Nbd7 11. g4 Qc7 12. Kb1 b5 13. Nd5 Bxd5 14. exd5 Nb6 15. Bxb6 Qxb6 16. Qd3 Rfc8 17. h4 b4 18. Rh2 a5 19. Nd2 a4 20. Nc4 Qb7 21. h5 Rc5 22. Ne3 Raa5 23. Rhd2 a3 24. b3 Rc3 25. Qe2 Rxe3 26. Qxe3 Nxd5 27. Rxd5 Rxd5 28. Rxd5 Qxd5 29. Bd3 g6 30. hxg6 hxg6 31. Kc1 Qc6 32. Be2 Bh4 33. Qd3 Qc5 34. Kb1 Bg5 35. Ka1 d5 36. Kb1 e4 37. fxe4 dxe4 0-1

[Event "GER-chT U14"]
[Site "Arendsee"]
[Date "2009.12.27"]
[Round "1.1"]
[White "Titgemeyer, Sven"]
[Black "Ruehrmund, Daniel"]
[Result "1-0"]
[WhiteElo "1907"]
[BlackElo "1887"]
[PlyCount "65"]
[EventDate "2009.12.27"]
[EventType "team-swiss"]
[EventRounds "7"]
[EventCountry "GER"]
[SourceTitle "EXT 2022"]
[Source "ChessBase"]
[SourceDate "2021.10.06"]
[SourceVersion "1"]
[SourceVersionDate "2021.10.06"]
[SourceQuality "1"]
[WhiteTeam "Aachen SV U14"]
[BlackTeam "Bautzen Einheit U14"]
[WhiteTeamCountry "GER"]
[BlackTeamCountry "GER"]

1. e4 c5 2. Nf3 e6 3. d4 cxd4 4. Nxd4 a6 5. Bd3 Bc5 6. Be3 Qb6 7. c3 Qxb2 8. 0-0 Nc6 9. Nb3 Bxe3 10. fxe3 Nf6 11. Rf2 Qxf2+ 12. Kxf2 Ne5 13. h3 0-0 14. Nd4 b5 15. Nf3 Nxd3+ 16. Qxd3 Bb7 17. Nbd2 d5 18. e5 Nd7 19. Qd4 Rfc8 20. a4 Bc6 21. axb5 Bxb5 22. e4 Rc5 23. exd5 Rxd5 24. Qf4 Nc5 25. Qh4 Nd3+ 26. Kg1 Rd7 27. Ne4 Kh8 28. Nf6 gxf6 29. exf6 Rd5 30. c4 Bxc4 31. Qxc4 Nc5 32. Rb1 Rad8 33. Qg4 1-0